MARC details
| 000 -CABECERA |
| campo de control de longitud fija |
01171nam a2200265 a 4500 |
| 001 - NÚMERO DE CONTROL |
| campo de control |
000038160 |
| 005 - FECHA Y HORA DE LA ÚLTIMA TRANSACCIÓN |
| campo de control |
20260323121931.0 |
| 008 - DATOS DE LONGITUD FIJA--INFORMACIÓN GENERAL |
| campo de control de longitud fija |
130320s1996 dr 000 0 spa d |
| 020 ## - NÚMERO INTERNACIONAL ESTÁNDAR DEL LIBRO |
| Número Internacional Estándar del Libro |
9993430390 |
| 040 ## - FUENTE DE LA CATALOGACIÓN |
| Centro catalogador/agencia de origen |
DO-SdBNP |
| Lengua de catalogación |
spa |
| Centro/agencia transcriptor |
BNPHU |
| 082 ## - NÚMERO DE LA CLASIFICACIÓN DECIMAL DEWEY |
| Número de clasificación |
382.92 |
| Número de documento/Ítem |
A189c |
| 245 00 - MENCIÓN DE TÍTULO |
| Título |
Acuerdos comerciales multilaterales de la ronda Uruguay. |
| 260 ## - PUBLICACIÓN, DISTRIBUCIÓN, ETC. |
| Lugar de publicación, distribución, etc. |
Santo Domingo : |
| Nombre del editor, distribuidor, etc. |
Comisión Nacional de Seguimiento a los Acuerdos del GAT/OMC , |
| Fecha de publicación, distribución, etc. |
1996. |
| Fecha de fabricación/manufactura |
2001 |
| 300 ## - DESCRIPCIÓN FÍSICA |
| Extensión |
583 p. ; |
| Dimensiones |
23 cm. |
| 500 ## - NOTA GENERAL |
| Nota general |
Aprobado por la Resolución No. 2-95, del Congreso Nacional de la República Dominicana promulgada por el Poder Ejecutivo el 20 de enero de 1995 |
| 590 ## - NOTA LOCAL (RLIN) |
| Nota local |
Inventariado, 2018/VM |
| 611 24 - PUNTO DE ACCESO ADICIONAL DE MATERIA--NOMBRE DE REUNIÓN/CONGRESO |
| Nombre de congreso/reunión o jurisdicción como elemento de entrada |
RONDA URUGUAY |
| Fecha del congreso/reunión |
(1987-1994) |
| 9 (RLIN) |
64522 |
| 650 #0 - PUNTO DE ACCESO ADICIONAL DE MATERIA--TÉRMINO DE MATERIA |
| Término de materia o nombre geográfico como elemento de entrada |
Comercio internacional |
| 9 (RLIN) |
10367 |
| 650 #0 - PUNTO DE ACCESO ADICIONAL DE MATERIA--TÉRMINO DE MATERIA |
| Término de materia o nombre geográfico como elemento de entrada |
Tratados comerciales |
| 9 (RLIN) |
64523 |
| 650 #4 - PUNTO DE ACCESO ADICIONAL DE MATERIA--TÉRMINO DE MATERIA |
| Término de materia o nombre geográfico como elemento de entrada |
Regulación del comercio exterior |
| 9 (RLIN) |
8571 |
| 710 1# - PUNTO DE ACCESO ADICIONAL--NOMBRE DE ENTIDAD CORPORATIVA |
| Nombre de entidad corporativa o nombre de jurisdicción como elemento de entrada |
República Dominicana. Comisión Nacional de Seguimiento a los Acuerdos del GAT/OMC |
| 9 (RLIN) |
64524 |
| 710 2# - PUNTO DE ACCESO ADICIONAL--NOMBRE DE ENTIDAD CORPORATIVA |
| Nombre de entidad corporativa o nombre de jurisdicción como elemento de entrada |
Organización Mundial del Comercio |
| 9 (RLIN) |
64525 |
| 710 2# - PUNTO DE ACCESO ADICIONAL--NOMBRE DE ENTIDAD CORPORATIVA |
| Nombre de entidad corporativa o nombre de jurisdicción como elemento de entrada |
Acuerdo General sobre Aranceles Aduaneros y Comercio (Organización) |
| 9 (RLIN) |
64526 |
| 910 ## - DATOS DE OPCIÓN DEL USUARIO (OCLC) |
| Datos de opción del usuario |
Validado. Control de calidad MFF |